Pays en fonction de leur indice téléphonique - Statistiques

Statistiques générales
  • Ce quiz a été pris 30 fois
  • Le résultat moyen est 4 sur 20
Statistiques - réponses
Hint Réponse % Correct
+033 France
90%
+001 Etats-Unis
69%
+034 Espagne
52%
+049 Allemagne
34%
+007 Russie
28%
+041 Suisse
28%
+081 Japon
21%
+086 Chine
10%
+045 Danemark
10%
+052 Mexique
10%
+351 Portugal
10%
+971 Emirats Arabes Unis
7%
+420 Tchéquie
7%
+053 Cuba
3%
+354 Islande
3%
+261 Madagascar
3%
+065 Singapour
3%
+249 Soudan
3%
+380 Ukraine
3%
+379 Vatican
3%
Aucun quiz correspondant
Distribution des résultats
% des personnes avec chaque résultat
Percentile par nombre de réponses
Votre historique - résultats
Vous n’avez pas pris ce quiz